ALMOST ALL FNAF CHARACTERS (+ some FNAF World) - Statistics

General Stats
  • This quiz has been taken 48 times
    25 since last reset
  • The average score is 99 of 387
Answer Stats
Hint Answer % Correct
eyebrows? Bonnie
100%
Lets eat! (people) Chica
100%
are we sure he wants treasure when he says booty? Foxy
100%
FNaF 1 His game Freddy
100%
its him Golden Freddy
100%
sweet succulent double A's Balloon Boy
80%
favorite color used to be green, known by a wristband Charlotte Emily
80%
bite of 83 Fredbear
80%
Bonnie Jeremy
80%
FNaF 4 the shadow of the game Nightmare
80%
a stupid jumpscare Springtrap
80%
wind it! The Puppet
80%
sounds like Alvin the Chipmunk Toy Bonnie
80%
you freakos Toy Chica
80%
FnaF 2 chonkers Toy Freddy
80%
the man behind the slaughter William Afton
80%
used to be a pal of a killer Henry Emily
60%
take apart and put back together Mangle
60%
scooped Michael Afton
60%
*whistling meme* Mike Schmidt
60%
Scott be like: BAAAAAAHHHH Nightmare Bonnie
60%
Xman723: Leg Stew! Nightmare Chica
60%
Monster's Inc. Be Like Nightmare Foxy
60%
om nom nom Nightmare Fredbear
60%
there really is a monster under the bed Nightmare Freddy
60%
tentacles Nightmarionne
60%
hello? Phone Guy
60%
FNaF 3 the killer is inside Springbonnie
60%
he's been through a lot Withered Bonnie
60%
the first Withered Chica
60%
smartest but afraid of light Withered Foxy
60%
reaching out to you Withered Freddy
60%
killed another of his name in the movie Carl The Cupcake
40%
Help Wanted 2 STEP RIGHT UP! Carnie
40%
Sister Location ice cream Circus Baby
40%
I accept all fan names, Except for norman Crying Child
40%
her location Elizabeth Afton
40%
amalgamation Ennard
40%
jaws Felix
40%
kids Freddles
40%
Foxy Fritz
40%
hiding under the desk JJ
40%
Gets the same fate that Monty got, being chopped in half Max
40%
Mysterious and quiet, unlike the other guy who is a yappatronic Mystic Hippo
40%
My least favorite! EW EW EW WHERE IS HIS JAW! Nightmare Balloon Boy
40%
The TRUE bite of 87' (most popular theory) Nightmare Mangle
40%
UCN come sit by me and wait Old Man Consequences
40%
why is it so often Phantom Balloon Boy
40%
WATERMELON!!!!! Phantom Chica
40%
piemations: crowbar Phantom Foxy
40%
taking a stroll Phantom Freddy
40%
i don't want to look at you Phantom Puppet
40%
He is not just a toy Plushtrap
40%
i am not pronouncing that RWQFSFASXC
40%
he replaces mr faceless as a secret Shadow Freddy
40%
Chica Susie
40%
etanutrofnu woh ho hu XOR
40%
inside of the german bear Yenndo
40%
also in Special Delivery 8-Bit Baby
20%
arcade machine has a friend 8-Bit Cupcake
20%
The animatronics are her friends Abby Schmidt
20%
his gears haven't turned in a while Aeronaut Toy Freddy
20%
At least he has no Faz-Glock Alien Bot
20%
Scott Cawthon Animdude
20%
frozen dreams Arctic Ballora
20%
Secret Of The Mimic just finished a 36 hour shift Arnold
20%
Circus baby robot looking thing Attendant Bot
20%
Died to Golden Freddy Aunt Jane
20%
little boy grew up thinking he was an animatronic B7
20%
always watching from above Bakery Cupcake
20%
in the kitchen of the golden bird Bakery Golden Cupcake
20%
Lucky Boy? Balloon Boy Toy
20%
theorized as clara or nora Ballora
20%
Fawxy fawxy, eye deed it, the purrfict preisent! Bawson
20%
baby Bidybab
20%
not a wolf, but still after a little girl Big Bad Foxy
20%
tickets please Big Top
20%
baked up with feet Birthday Cake
20%
its tongue is out and it looks happy Birthday Puppy
20%
hello darkness my old friend, ive come to squawk with you again Blackbird
20%
but... his heart is red Black Heart Bonnie
20%
less ice-conic Black Ice Frostbear
20%
calm down Bon Bon
20%
scooching across the room Bonnet
20%
theorized to be a shadow bonnie skin Boulder Toy Bonnie
20%
plant Bouncepot
20%
angry lizzy Broiler Baby
20%
brows Browboy
20%
she is an angry looking springlock dog Bub
20%
name of a minion Bucket Bob
20%
Roasted version of above Burnt Carnie
20%
overcooked fox Burnt Foxy
20%
Peepaw Willy Burntrap
20%
latina's friend Calavera Toy Cupcake
20%
... and they all died Candy Cadet
20%
yarhar Captain Foxy
20%
his birthday was last week Captain Springlock
20%
This candy is legally binding Carnival Nurse
20%
Emo Insect Carter Caterpillar
20%
Golden Freddy Cassidy
20%
Manipulated by an imitator and murdered by an imitator Cassie
20%
latina Catrina Toy Chica
20%
A colorful delight- wait - i mean, a colorful jerk Chica's Magic Rainbow
20%
mad that the old game wasn't as popular Chipper's Revenge
20%
yummy snack Chocolate Bonnie
20%
YOU CAN PET IT!? Clean O Vac
20%
the ballerina of a music box Clockwork Ballora
20%
inside the ballerina's music box Clockwork Minireena
20%
pennywise's brother Clown Springtrap
20%
drink Coffee
20%
looks similar to Jackie Coils
20%
trying to get some laughs Comedy Bot
20%
"Why do I always get the weirdos?" CoryxKenshin
20%
so many options CTW Funtime Freddy
20%
black fox Dark Foxy
20%
blackbear Dark Freddy
20%
not technically real, but has a funko Dark Springtrap
20%
swimming with the skeletons Dark Water Bare Endo
20%
Where is my ball? I'm running out on the road David Murray
20%
OH NO, NOT BUFF HELPY! Dawko
20%
uh oh how unfortunate Dee Dee
20%
she is a fish and a human Delilah
20%
Welcome, New User *gets slapped* Digityper
20%
giving you a $20 gift card Dispatch
20%
A death defying dive Diving Seal
20%
My favorite character! He IS GROOVY! DJ Music Man
20%
marionette shelley Dreadbear
20%
Hand Unit in security breach Dread Unit
20%
Headless Driver Assist Bot
20%
eggs and candy Easter Bonnie
20%
My name is __, I made the mimic Edwin Murray
20%
if a bird had a baby inside a baby Egg Baby
20%
tacos El Chip
20%
beautiful Eleanor
20%
wire baby Electrobab
20%
first suit worn in the game and is in ruin Elephant
20%
appeared in the FNaF movie Ella
20%
not just children inside Endo 01
20%
if FNaF 2 was before FNaF 1, why is it called the second skeleton? Endo 02
20%
endo 01's child Endoplush
20%
CAN I PET THAT DOG! Fetch
20%
Shrek's wife Fiona Murray
20%
if FNaF collided with Katie Perry Firework Freddy
20%
not so chill on the inside Flamethrower Bare Endo
20%
pre-burntrap Flaming Springtrap
20%
one is theorized to be oswalds dad and the other as cassies dad FNaF 4 Bullies
20%
Waterpark Animatronics (you can put the animal name too) a singer with his name is Sinatra Frank
20%
psychotic friend Fredbear Plush
20%
Special Delivery Iconic? more like Ice-conic Freddy Frostbear
20%
a cat and a human? Friendly Face
20%
weekend replacement Fritz Smith
20%
cold helium Frostbite Balloon Boy
20%
snowy nightmare Frost Plushtrap
20%
drinking purple Fruit Punch Clown
20%
look away from her! Funtime Chica
20%
not a nightmare but looks like one Funtime Cupcake
20%
newscaster Funtime Foxy
20%
go get HIM Funtime Freddy
20%
Freddy Gabriel
20%
the arcade machine killed you Game Over Toy Chica
20%
airplanes and camping Garrett Schmidt
20%
Elizabeth, Isabella, and Victoria Gen 1 Bobbiedots
20%
Rose, Olive, and Gemini Gen 2 Bobbiedots
20%
back of the bowling alley Glamrock Bonnie
20%
Trash and pizza Glamrock Chica
20%
10th Anniversary Glamrock Chica's been missing him Glamrock Cupcake
20%
Weeping Angels Glamrock Endo
20%
Security Breach + Ruin IM GREGNANT, SUPERSTAR! Glamrock Freddy
20%
tamberine and a save spot Glamrock Helpy
20%
in one of the endings and has a triangle Glamrock Mr. Hippo
20%
Help Wanted Scott actually isn't a fan of his name Glitchtrap
20%
must be lemon flavored Golden Cupcake
20%
respect your elders (before they eat you) Grandma Foxy
20%
harry houdini Great Escape Golden Freddy
20%
He deserves a reward. Gregory
20%
fire fox Grimm Foxy
20%
chewy and cute Gumball Swivelhands
20%
smiles and fortune Gypsy
20%
exotic butters Hand Unit
20%
rhymes with the first waterpark animatronic Hank
20%
he cant help no more HAPPS
20%
ninja skills Happy Frog
20%
no legs and is your ai boss with a hat Head Chef Bot
20%
Cupid Heartsick Baby
20%
that ain't Sonic Hedgehog Hudgie
20%
can be nice or evil, and chipped into your brain Helpi
20%
Pizzeria Simulator taxes Helpy
20%
yandere girl Highschool Toy Chica
20%
arcade machine best progress Highscore Toy Chica
20%
3 kids on bars Human Heads
20%
The Mobile App Developer and Helper Illumix
20%
wearing a metal vest Instructor Bot
20%
Books is the villain of the into the pit game ITP Springbonnie
20%
she was produced for the entire game and then died right away Jackie
20%
the only rabbit who didn't get burned in a fire Jack O Bonnie
20%
this girl is on fire Jack O Chica
20%
halloween decoration Jack O Lantern
20%
security breach's halloween variant of an already scary character Jack O Moon
20%
bitten Jeremy Fitzgerald
20%
glitchtrap? is that you? Jest
20%
lifting off into the sky with helium and engines Jetpack Balloon Boy
20%
OG Happy Frog Jugband Frogs
20%
OG mr hippo Jugband Hippo
20%
ugly gator Jugband Monty
20%
wings that are throwing and catching 3 balls? Juggling Duck
20%
Experiment gone wrong and a bully was murdered Julius's Exoskeleton
20%
I forgot a gift! Kit
20%
Tales From the Pizzaplex Out of the box and already hiding Lally
20%
Sheriff Oinkers Lasso Pig
20%
shhhhhhh Lefty
20%
drinking yellow Lemonade Clown
20%
statue of poultry Liberty Chica
20%
worn in ruin Lion
20%
smiles and strings Little Joe
20%
pecking bread to grannys house Little Red Chica
20%
purple glitch took off the headset Livewire Toy Freddy
20%
hahahhhahaahhahhahhahaaaaaaaaaahhhhhhhhhhaaaaa Lolbit
20%
1 is the loneliest number that'll ever be Lonely Freddy
20%
is he in the FNaF movie? a little boy toy? Lucky Boy
20%
has a mime variant Lyrical Lemur
20%
F10-N4 M1
20%
was broken apart for doing its job M2
20%
___ and Cheese, creamy orange noodles (or whatever they are) Mac
20%
smiles and magic Magician
20%
tadah (in the most ai voice possible) Magician Bot
20%
sawed in half but the magic was lost afterwards Magician Mangle
20%
My Kids Love Me Now Mannequins
20%
Markiplier: smash Map Bot
20%
his brother is the word called out by the players, so the swimmer can find them Marco
20%
Special people that deserve to be here WAS THAT THE BITE OF 87'?! Markiplier
20%
theorized to be cassies father in HW2 Mask Bot
20%
Will also play Toy Bonnie, but that's just a theory Matpat
20%
microwaved snack Melted Chocolate Bonnie
20%
purple skeleton Mendo
20%
Through the vents Mini Music Man
20%
in HW2, YEET Minireena
20%
dead and decayed food Moldy Cupcake
20%
spaghetti Molten Freddy
20%
rock and roll Montgomery Gator
20%
naughty naughty Moon
20%
Go away or ill report you Mop Bot
20%
if oscar the grouch and alan the balloon had a kid Mr. Can-Do
20%
Chica's Party World (just say the food name) KFC Mr. Chicken
20%
old game cameo Mr. Chippers
20%
OPEN THE DOOOOOR *Dies* Mr. Helpful
20%
please dont start over Mr. Hippo
20%
UCN: capable of killing toy freddy Mr. Hugs
20%
HELPY HAS A WIFE!? Mrs. Helpful
20%
BK Ms. Burger
20%
McFlurry Ms. Shake
20%
MatPat called it Music Man
20%
is it mewing? MXES
20%
Blue, Red, Pink, Green, Mycelium Men
20%
Granny robot Nanny Bot
20%
knock off bear Neddbear
20%
whoa dude Neon Bonnie
20%
whoa dudette Neon Chica
20%
whoa dudecake Neon Cupcake
20%
colorful musician Neon Jukebox
20%
one side is cute and the other is... Nexie
20%
Roles are reversed, I will eat you Nightmare Carl The Cupcake
20%
inside the nightmares Nightmare Endo
20%
In Your Dreams Nightmarionne Bot
20%
baseball game No. 1 Crate
20%
You need a lobotomy Nurse Dollie
20%
in a different catalog but in the same band Orville Elephant
20%
name of a marvel producer Pan Stan
20%
best friends forever (until they get shredded in HW2) Paperpals
20%
has a screen as a hand Party Bot
20%
red and black bear Party Freddy
20%
Roller skates Party Time Chica
20%
in ruin and has a bob for a hairstyle Penguin
20%
radio static Phantom Mangle
20%
hey man! Phone Dude
20%
intense banjo Pigpatch
20%
another reason he bites Piranha Plushtrap
20%
murdered by Glamrock Chica Pizza Bot
20%
little girls Plushbaby
20%
halloween masks Plushkin
20%
Human teeth and eyes on a train track Plushtrap Chaser
20%
his brother is the word called out by the swimmer with his eyes closed Polo
20%
its her quest Princess
20%
all hail the presents Prize King
20%
trash and the gang but deadlier Protomimics
20%
not as functional as the original, especially with no head Prototype Glamrock Freddy
20%
the very first pirate fox Puppet Foxy
20%
how bout an I O YE' Puppet Roxy
20%
Shadow Freddy? Purple Freddy
20%
acidic canine Radioactive Foxy
20%
if music man and springbonnie had a baby Ralpho
20%
forgotten little rascal (in the clue) RASC
20%
chemical bot Reagent
20%
bloody looking fredbear Redbear
20%
swedish chef as a fnaf character Renard
20%
instead of hooking, he whips Ringmaster Foxy
20%
originally supposed to be there, before the helpfuls Ringmaster Rat
20%
guitar Rockstar Bonnie
20%
Wet Floors! Rockstar Chica
20%
helpful and hellful Rockstar Foxy
20%
fazcoins Rockstar Freddy
20%
squawk Rockstar Parrot
20%
Sick Party Man Rocktapus
20%
mrs pigpatch Rosie Porkchops
20%
the best Roxanne Wolf
20%
... and then they all died *dies* Ruined Candy Cadet
20%
missing eye and nose but still groovy Ruined DJ Music Man
20%
happy birthday Ruined Eclipse
20%
moldy cheese Ruined Glamrock Chica
20%
when killed, you get a triple jumpscare Ruined Mini Music Man
20%
no light no light Ruined Moon
20%
HW2 mask and under a faz forklift Ruined Roxanne Wolf
20%
trapped in a nap Ruined Sun
20%
Charlie's twin brother?! Sammy
20%
roasted chicken Scorching Chica
20%
burnt pastry Scorching Cupcake
20%
THANK YOU FOR EVERYTHING! Scott Cawthon
20%
edward scissorhands Scrap Baby
20%
Survival Guide Character Scrap Chica
20%
broken little girls Scrap Plushbaby
20%
jimmy neutron Scraptrap
20%
they ate fritz the fish Sea Bonnies
20%
Alerts Security Bot
20%
Looks like a funtime animatronic, because of it's faceplates Security Puppet
20%
snake and a fox Serpent Mangle
20%
balloon boy robot looking thing Server Bot
20%
no mouth and disgusting Sewer Bot
20%
he lost his batteries Shadow Balloon Boy
20%
often called a phantom Shadow Cupcake
20%
Hardmode "Toy Foxy" Shadow Mangle
20%
she was rejected by the player Shadow Puppet
20%
irish Shamrock Freddy
20%
this is a fashionista poodle Sharpay
20%
Screeching, crying, and eating Shattered Glamrock Chica
20%
You can blind him now Shattered Montgomery Gator
20%
MY FACE!!! Shattered Roxanne Wolf
20%
so ugly its funny, he is a grandpa looking night light Sleepy Moon
20%
he is like felix Sly
20%
astro-ape Space Monkey
20%
New-ish Movie Animatronics FNaF 1 hoax IRL Sparky
20%
Audience member of the comedian (and basically literally all of the bots) STAFF Bot
20%
deadly unicorn Stanley
20%
Maggie Simpson's Christmas Star Outfit Star Orphans
20%
Help Wanted and so on! Steel Wool
20%
ZOINKS! Steve Raglan
20%
How Edwin died in the books Storyteller
20%
henry was murdered Suicide Endo
20%
GLITTER GLUE?! Sun
20%
he looks high in the eyes Sunken Toy Bonnie
20%
muddy little kid Swamp Balloon Boy
20%
SO UGLY! this is an abomination! I don't want to look at this bug Swing Bee
20%
wifi needed System Error Toy Bonnie
20%
Didn't he fall off a cliff Tag Along Freddy
20%
what happened to Jeremy? Tape Girl
20%
Demon screeches of the sleepy spaghetti The Blob
20%
Aztec zombie The Curse
20%
two headed godzilla The Jangle
20%
Mr beast meme The Mimic
20%
The Trilogy Rabbit plush Theodore
20%
Jake and Andrew The Stitchwraith
20%
FNaF World (Characters That I know and love) Green and White The Tangle
20%
mangle as a dragon The Xangle
20%
has an amazing Indian outfit, but rips your arms off Tiger Rock
20%
poultry and candles Torch Cupcake
20%
I think it should be called Dready Torture Freddy
20%
bubbly zombie Toxic Springtrap
20%
no buck teeth Toy Cupcake
20%
claw mouth Twisted Bonnie
20%
TTO (unmentioned) bad birdie Twisted Chica
20%
not too sweet Twisted Cupcake
20%
dug up Twisted Foxy
20%
Freddy Krueger, Literally Twisted Freddy
20%
not sweet or sour Twisted Golden Cupcake
20%
I think might is Roxanne's dad Twisted Wolf
20%
corrupted security guard Vanessa
20%
Fursona of above Vanny
20%
Interactive Novels Very Important Person Very Informative Pig
20%
purple glitch VR Toy Freddy
20%
cute little guy *slips* Wet Floor Bot
20%
unshadow bonnie White Rabbit
20%
I MISS MOMMY White Tiger
20%
so.... no body? Withered Golden Freddy
20%
They were carved Wooden Puppets
20%
I am grootbear Woodland Toy Freddy
20%
Construction is happening Worker Bot
20%
Alec wants him Yarg Foxy
20%
aka jupiter Zeus
20%
chihuahua Ruined Montgomery Gator
0%
No matching quizzes found
Score Distribution
Percent of People with Each Score
Percentile by Number Answered
Your Score History
You have not taken this quiz since the last reset